Judicial System Reform in Italy : A Key to Growth /

The inefficiency of the Italian judicial system has contributed to reduced investments, slow growth and a difficult business environment. The enforcement of civil and commercial claims suffers from excessive delays in court proceedings, resulting in a very large number of pending cases. The Italian...

Descrizione completa

Dettagli Bibliografici
Autore principale: Esposito, Gianluca
Altri autori: Lanau, Sergi, Pompe, Sebastiaan
Natura: Periodico
Lingua:English
Pubblicazione: Washington, D.C. : International Monetary Fund, 2014.
Serie:IMF Working Papers; Working Paper ; No. 2014/032
Soggetti:
Accesso online:Full text available on IMF
LEADER 01820cas a2200277 a 4500
001 AALejournalIMF014201
008 230101c9999 xx r poo 0 0eng d
020 |c 5.00 USD 
020 |z 9781475573022 
022 |a 1018-5941 
040 |a BD-DhAAL  |c BD-DhAAL 
100 1 |a Esposito, Gianluca. 
245 1 0 |a Judicial System Reform in Italy :   |b A Key to Growth /  |c Gianluca Esposito, Sergi Lanau, Sebastiaan Pompe. 
264 1 |a Washington, D.C. :  |b International Monetary Fund,  |c 2014. 
300 |a 1 online resource (19 pages) 
490 1 |a IMF Working Papers 
500 |a <strong>Off-Campus Access:</strong> No User ID or Password Required 
500 |a <strong>On-Campus Access:</strong> No User ID or Password Required 
506 |a Electronic access restricted to authorized BRAC University faculty, staff and students 
520 3 |a The inefficiency of the Italian judicial system has contributed to reduced investments, slow growth and a difficult business environment. The enforcement of civil and commercial claims suffers from excessive delays in court proceedings, resulting in a very large number of pending cases. The Italian authorities have over the years taken steps to remove bottlenecks and speed up judicial proceedings. While these measures are generally steps in the right direction, more can be done. Consideration could be given, inter alia, to reviewing court fees, improving the new mandatory mediation scheme, strengthening court management, and reforming the appeal system. 
538 |a Mode of access: Internet 
651 7 |a Italy  |2 imf 
700 1 |a Lanau, Sergi. 
700 1 |a Pompe, Sebastiaan. 
830 0 |a IMF Working Papers; Working Paper ;  |v No. 2014/032 
856 4 0 |z Full text available on IMF  |u http://elibrary.imf.org/view/journals/001/2014/032/001.2014.issue-032-en.xml  |z IMF e-Library